02419 2200241 4500001002100000005001500021035002000036007000300056008004100059020002200100082001100122084001700133100002000150245005100170250001200221260006300233300002800296650001700324650002000341520176400361990002602125990002602151INLIS00000000001039620221029095808 a0010-0122000130ta221029 g 0 eng  a978-0-19-968941-5 a341.48 a341.48 FRE c0 aFredman, Sandra1 aComparative Human Rights Law /cSandra Fredman a1st ed. aUnited States of America :bOxford University Press,c2018 axxxvi, 476 p. ;c24 cm. 4aHuman Rights 4aComparative Law aCourts in different jurisdictions face similar human rights questions. Does the death penalty breach human rights? Does freedom of speech include racist speech? Is there a right to health? This book uses the prism of comparative law to examine the fascinating ways in which these difficult questions are decided. On the one hand, the shared language of human rights suggests that there should be similar solutions to comparable problems. On the other hand, there are important differences. Constitutional texts are worded differently; courts have differing relationships with the legislature; and there are divergences in socio-economic development, politics, and history. Nevertheless, there is a growing transnational conversation between courts, with cases in one jurisdiction being cited in others. Part I (Chapters 1–5) outlines the cross-cutting themes which shape the ways judges respond to challenging human rights issues. Chapters 1–5 examine when it is legitimate to refer to foreign materials; how universality and cultural relativity are balanced in human rights law; the appropriate role of courts in adjudicating human rights in a democracy; and the principles judges use to interpret human rights texts. The book is unusual in transcending the distinction between socio-economic rights and civil and political rights. Part II (Chapters 6–12) applies these cross-cutting themes to comparing human rights law in five jurisdictions. These chapters focus on seven particularly challenging issues: the death penalty, abortion, housing, health, speech, education, and religion, with the aim of inspiring further comparative examination of other pressing human rights issues. It is primarily court-centred, but also examines courts’ drawbacks. a26742/MKRI-P/XII-2021 a26742/MKRI-P/XII-2021